[Event "Voronezh op-A 13th"]
[Site "Voronezh"]
[Date "2009.06.19"]
[Round "8"]
[White "Neshkov, Vladislav"]
[Black "Kostin, Alexey"]
[Result "0-1"]
[WhiteElo "2186"]
[BlackElo "2353"]
[PlyCount "38"]
[EventDate "2009.06.12"]
[EventType "swiss"]
[EventRounds "9"]
[EventCountry "RUS"]
[SourceTitle "CBM 130 Extra"]
[Source "ChessBase"]
[SourceDate "2009.07.02"]
[SourceVersion "2"]
[SourceVersionDate "2009.07.15"]
[SourceQuality "1"]

1. c4 c5 2. Nf3 Nf6 3. g3 g6 4. Bg2 Bg7 5. 0-0 0-0 6. Nc3 d6 7. b3 Nc6 8. Bb2 Bd7 9. d4 cxd4 10. Nxd4 Rc8 11. Rc1 Qa5 12. Qd2 Qh5 13. h4 a6 14. Bf3 Bg4 15. Nxc6 bxc6 16. Qd3 Nd7 17. Bxg4 Qxg4 18. Qe3 Ne5 19. Qa7 Qh3 0-1

[Event "Voronezh op-A 13th"]
[Site "Voronezh"]
[Date "2009.06.18"]
[Round "7"]
[White "Kiselev, Maxim2"]
[Black "Neshkov, Vladislav"]
[Result "1/2-1/2"]
[WhiteElo "2198"]
[BlackElo "2186"]
[PlyCount "78"]
[EventDate "2009.06.12"]
[EventType "swiss"]
[EventRounds "9"]
[EventCountry "RUS"]
[SourceTitle "CBM 130 Extra"]
[Source "ChessBase"]
[SourceDate "2009.07.02"]
[SourceVersion "2"]
[SourceVersionDate "2009.07.15"]
[SourceQuality "1"]

1. d4 Nf6 2. c4 c5 3. d5 b5 4. cxb5 a6 5. b6 a5 6. Nc3 Ba6 7. g3 d6 8. Bg2 g6 9. Nh3 Bg7 10. 0-0 Nbd7 11. Re1 0-0 12. e4 Ne5 13. Nf4 Qxb6 14. Na4 Qa7 15. Bd2 Rfb8 16. Bc3 Nfd7 17. h4 h5 18. Bh3 Rb4 19. a3 Rbb8 20. Bf1 c4 21. Kg2 Rb3 22. Bd4 Qb7 23. Re3 Rxe3 24. Bxe3 Rb8 25. Be2 Qa8 26. Qd2 Rb5 27. Rc1 Qb7 28. Bd4 Rb3 29. Rc3 Nd3 30. Bxg7 Nxf4+ 31. gxf4 Kxg7 32. Qd4+ Kh7 33. Bxc4 Bxc4 34. Qxc4 Rxc3 35. Qxc3 Qb5 36. Qc6 Qe2 37. Qxd7 Qxe4+ 38. Kg3 Qd3+ 39. f3 Qd1 1/2-1/2

[Event "Voronezh op-A"]
[Site "Voronezh"]
[Date "2008.06.20"]
[Round "8"]
[White "Grigorian, Vardan"]
[Black "Neshkov, Vladislav"]
[Result "1-0"]
[WhiteElo "2276"]
[BlackElo "2201"]
[PlyCount "69"]
[EventDate "2008.06.12"]
[EventType "swiss"]
[EventRounds "9"]
[EventCountry "RUS"]
[SourceTitle "CBM 125 Extra"]
[Source "ChessBase"]
[SourceDate "2008.09.01"]
[SourceVersion "1"]
[SourceVersionDate "2008.09.01"]
[SourceQuality "1"]

1. c4 c5 2. Nc3 b6 3. e4 Bb7 4. g3 g6 5. Bg2 Bg7 6. Nge2 Nc6 7. d3 e6 8. h4 h5 9. Bg5 Nge7 10. Qd2 d6 11. 0-0 Qc7 12. Rab1 Nd4 13. b4 Nec6 14. bxc5 bxc5 15. Nxd4 Nxd4 16. Bf4 e5 17. Be3 0-0 18. f4 Bc6 19. f5 Qa5 20. Rf2 Rab8 21. Rbf1 gxf5 22. exf5 f6 23. Qc1 Kf7 24. Bd5+ Bxd5 25. Nxd5 Rh8 26. Kg2 Rbg8 27. Qb1 Rb8 28. Rb2 Rxb2+ 29. Qxb2 Qa4 30. Rf2 Qc6 31. Bxd4 exd4 32. Re2 Bf8 33. Qb8 Rh7 34. Qe8+ Kg8 35. Re6 1-0

[Event "Voronezh op-A"]
[Site "Voronezh"]
[Date "2008.06.18"]
[Round "6"]
[White "Chernov, Vladimir1"]
[Black "Neshkov, Vladislav"]
[Result "0-1"]
[WhiteElo "2105"]
[BlackElo "2201"]
[PlyCount "79"]
[EventDate "2008.06.12"]
[EventType "swiss"]
[EventRounds "9"]
[EventCountry "RUS"]
[SourceTitle "CBM 125 Extra"]
[Source "ChessBase"]
[SourceDate "2008.09.01"]
[SourceVersion "1"]
[SourceVersionDate "2008.09.01"]
[SourceQuality "1"]

1. d4 Nf6 2. c4 c5 3. d5 b5 4. cxb5 a6 5. b6 a5 6. g3 d6 7. Nc3 g6 8. Nf3 Bg7 9. Bg2 Nbd7 10. 0-0 0-0 11. Re1 Ba6 12. b7 Rb8 13. e4 Ng4 14. Nd2 Nge5 15. Nb3 Qb6 16. Bg5 Rfe8 17. Bd2 Nc4 18. Bc1 Rxb7 19. Bf1 Reb8 20. Nd2 Nxd2 21. Na4 Qa7 22. Bxa6 Qxa6 23. Bxd2 Nb6 24. Bc3 Nxa4 25. Qxa4 Qb5 26. Qxb5 Rxb5 27. Bxg7 Kxg7 28. b3 Rb4 29. Rac1 g5 30. g4 Kf6 31. Kg2 Ke5 32. Kf3 a4 33. bxa4 Rxa4 34. Rc2 Rbb4 35. Rce2 Ra3+ 36. Kg2 Rba4 37. Ra1 Rxe4 38. Rxe4+ Kxe4 39. Re1+ Kxd5 40. Rxe7 0-1

[Event "Voronezh op-A"]
[Site "Voronezh"]
[Date "2008.06.15"]
[Round "4"]
[White "Neshkov, Vladislav"]
[Black "Dmitriev, Igor"]
[Result "0-1"]
[WhiteElo "2201"]
[BlackElo "2376"]
[PlyCount "77"]
[EventDate "2008.06.12"]
[EventType "swiss"]
[EventRounds "9"]
[EventCountry "RUS"]
[SourceTitle "CBM 125 Extra"]
[Source "ChessBase"]
[SourceDate "2008.09.01"]
[SourceVersion "1"]
[SourceVersionDate "2008.09.01"]
[SourceQuality "1"]

1. c4 Nc6 2. g3 e6 3. Bg2 Rb8 4. Nf3 b5 5. cxb5 Rxb5 6. Nc3 Rb8 7. b3 f5 8. Bb2 Nf6 9. Rc1 Bb7 10. Na4 Ba8 11. 0-0 Bd6 12. d3 0-0 13. e4 fxe4 14. dxe4 Nxe4 15. Rc4 Nf6 16. Qe1 Rb5 17. Nc3 Rb4 18. Rxb4 Nxb4 19. Nb5 Ne4 20. Nxd6 cxd6 21. Qd1 Qb6 22. Qd4 Qxd4 23. Nxd4 a6 24. Ba3 a5 25. f4 Rc8 26. Nb5 Rc2 27. Rc1 Rxc1+ 28. Bxc1 Nxa2 29. Be3 d5 30. Bb6 Nc1 31. Nd4 Nd2 32. Bxa5 Ndxb3 33. Nxb3 Nxb3 34. Bb6 Bc6 35. Kf2 Kf7 36. Ke2 d4 37. Bh3 Be4 38. Bg4 d6 39. Ke1 0-1

[Event "Moscow op-A 04th"]
[Site "Moscow"]
[Date "2008.02.07"]
[Round "6"]
[White "Neshkov, Vladislav"]
[Black "Tologontegin, Semetey"]
[Result "1-0"]
[WhiteElo "2180"]
[BlackElo "2407"]
[PlyCount "87"]
[EventDate "2008.02.02"]
[EventType "swiss"]
[EventRounds "9"]
[EventCountry "RUS"]
[SourceTitle "CBM 122 Extra"]
[Source "ChessBase"]
[SourceDate "2008.03.04"]
[SourceVersion "1"]
[SourceVersionDate "2008.03.04"]
[SourceQuality "1"]

1. c4 e5 2. g3 g6 3. Bg2 Bg7 4. Nc3 Ne7 5. Rb1 a5 6. Nf3 0-0 7. 0-0 Nbc6 8. a3 f5 9. d3 d6 10. Nd2 Be6 11. Nd5 Qd7 12. Nxe7+ Qxe7 13. b4 axb4 14. axb4 g5 15. b5 Nd8 16. Bb2 g4 17. Qb3 f4 18. Ra1 Rb8 19. Bd5 Bxd5 20. cxd5 Qg5 21. Ne4 Qh6 22. Rfc1 fxg3 23. Nxg3 Rxf2 24. Kxf2 Qxh2+ 25. Ke1 Qxg3+ 26. Kd1 Rc8 27. Qc4 h5 28. Kc2 Qe3 29. Kb3 Nf7 30. Rh1 Qxe2 31. Rxh5 Nh6 32. Qe4 Qf3 33. Bc1 Nf7 34. Rh4 c6 35. Rxg4 Qd1+ 36. Kb4 cxd5 37. Qg2 Qe1+ 38. Qd2 Qh1 39. Bb2 Qh6 40. Qg2 Nd8 41. Rh1 Qf6 42. Rf1 Qe7 43. Qxd5+ Ne6 44. Rg6 1-0

[Event "Voronezh op-A 11th"]
[Site "Voronezh"]
[Date "2007.06.16"]
[Round "5"]
[White "Petukhov, Dmitry"]
[Black "Neshkov, Vladislav"]
[Result "1/2-1/2"]
[WhiteElo "2375"]
[BlackElo "2161"]
[PlyCount "88"]
[EventDate "2007.06.12"]
[EventType "swiss"]
[EventRounds "9"]
[EventCountry "RUS"]
[SourceTitle "CBM 118 Extra"]
[Source "ChessBase"]
[SourceDate "2007.07.04"]
[SourceVersion "1"]
[SourceVersionDate "2007.07.04"]
[SourceQuality "1"]

1. e4 d5 2. exd5 Nf6 3. Bb5+ Bd7 4. Bc4 b5 5. Bb3 a5 6. a4 b4 7. Qe2 c6 8. dxc6 Nxc6 9. Nf3 e5 10. d4 e4 11. Qc4 Qe7 12. Ne5 Rc8 13. Qxf7+ Qxf7 14. Bxf7+ Ke7 15. Nxc6+ Rxc6 16. Bb3 Be6 17. Bxe6 Kxe6 18. c3 Nd5 19. 0-0 Bd6 20. Re1 Kf5 21. h3 h5 22. Bd2 g5 23. cxb4 axb4 24. Rc1 Rxc1+ 25. Bxc1 g4 26. hxg4+ hxg4 27. g3 Rc8 28. Nd2 e3 29. fxe3 Nxe3 30. Nf1 Nxf1 31. Kxf1 Ke4 32. Bf4 Bxf4 33. gxf4 Kf3 34. Rd1 Rh8 35. Kg1 g3 36. d5 Rh2 37. Rd3+ Ke4 38. Rb3 Rd2 39. Rxb4+ Kf3 40. Rb3+ Kg4 41. Ra3 Kh3 42. Ra1 Rg2+ 43. Kh1 Rh2+ 44. Kg1 Rg2+ 1/2-1/2

[Event "Voronezh op-A 11th"]
[Site "Voronezh"]
[Date "2007.06.13"]
[Round "2"]
[White "Rozum, Ivan"]
[Black "Neshkov, Vladislav"]
[Result "1-0"]
[WhiteElo "2358"]
[BlackElo "2161"]
[PlyCount "63"]
[EventDate "2007.06.12"]
[EventType "swiss"]
[EventRounds "9"]
[EventCountry "RUS"]
[SourceTitle "CBM 118 Extra"]
[Source "ChessBase"]
[SourceDate "2007.07.04"]
[SourceVersion "1"]
[SourceVersionDate "2007.07.04"]
[SourceQuality "1"]

1. e4 d5 2. exd5 Nf6 3. d4 Nxd5 4. Nf3 g6 5. c4 Nb6 6. Be3 Bg7 7. Nc3 0-0 8. h3 Nc6 9. Qd2 e5 10. d5 Na5 11. b3 e4 12. Nd4 c6 13. Nxe4 cxd5 14. Qxa5 dxe4 15. Rd1 Qe7 16. Nb5 Be6 17. Be2 Nd7 18. Nc7 b6 19. Qd2 Rad8 20. Nxe6 Qxe6 21. 0-0 h5 22. c5 bxc5 23. Qa5 Qb6 24. Qa4 Nb8 25. Qxe4 Bd4 26. Bc4 Qf6 27. b4 Rfe8 28. Qc2 cxb4 29. Bxd4 Rxd4 30. Rxd4 Qxd4 31. Qxg6+ Qg7 32. Bxf7+ 1-0

[Event "Privolzhskogo FO-ch"]
[Site "Togliatti"]
[Date "2007.03.24"]
[Round "3"]
[White "Neshkov, Vladislav"]
[Black "Skoriupin, Sergey"]
[Result "0-1"]
[WhiteElo "2161"]
[BlackElo "2321"]
[PlyCount "72"]
[EventDate "2007.03.22"]
[EventType "swiss"]
[EventRounds "9"]
[EventCountry "RUS"]
[SourceTitle "EXT 2010"]
[Source "ChessBase"]
[SourceDate "2010.11.25"]
[SourceVersion "1"]
[SourceVersionDate "2010.11.25"]
[SourceQuality "1"]

1. c4 f5 2. g3 Nf6 3. Bg2 g6 4. Nc3 Bg7 5. Nf3 d6 6. d3 0-0 7. 0-0 e5 8. Rb1 a5 9. a3 Nh5 10. Nd2 c6 11. b4 axb4 12. axb4 Be6 13. b5 Qc7 14. Qb3 Nd7 15. Ba3 Rfc8 16. Rfc1 Bf8 17. Ra1 Ndf6 18. Nd5 Qd8 19. Nxf6+ Nxf6 20. Bb2 Rab8 21. Ra7 Nd7 22. Qa4 Nc5 23. Qa1 Bh6 24. f4 cxb5 25. cxb5 exf4 26. Bf6 Qf8 27. Rxc5 Rxc5 28. Bd4 fxg3 29. Bxc5 gxh2+ 30. Kh1 dxc5 31. Nc4 Bg7 32. Qa5 Bxc4 33. dxc4 b6 34. Bd5+ Kh8 35. Qa6 Be5 36. Rb7 Re8 0-1

[Event "Samara op"]
[Site "Samara"]
[Date "2003.??.??"]
[Round "1"]
[White "Arbakov, Valentin"]
[Black "Neshkov, Vladislav"]
[Result "1-0"]
[WhiteElo "2374"]
[BlackElo "2150"]
[PlyCount "73"]
[EventDate "2003.??.??"]
[EventType "swiss"]
[EventRounds "9"]
[EventCountry "RUS"]
[SourceTitle "EXT 2005"]
[Source "ChessBase"]
[SourceDate "2004.11.15"]
[SourceVersion "1"]
[SourceVersionDate "2004.11.15"]
[SourceQuality "1"]

1. c4 Nf6 2. Nc3 g6 3. e4 d6 4. d4 Bg7 5. f3 c5 6. d5 0-0 7. Nge2 e5 8. Bg5 h6 9. Be3 Na6 10. Qd2 Kh7 11. g4 Ng8 12. h4 Nc7 13. h5 g5 14. Ng3 a6 15. a3 Qf6 16. Nf5 Bxf5 17. gxf5 Rfb8 18. b4 b6 19. bxc5 bxc5 20. Bd3 Qd8 21. Bc2 Ne8 22. Ba4 Qa5 23. Bc6 Ra7 24. Ke2 Nef6 25. Rab1 Rc8 26. Rb3 Ne7 27. Ba4 Rcc7 28. Qb2 Rc8 29. Rb6 Nxf5 30. exf5 e4 31. Bd2 Re7 32. Bc2 exf3+ 33. Kd1 Rce8 34. Rf1 g4 35. Nb1 Qxb6 36. Qxb6 Kg8 37. Qxd6 1-0

[Event "Samara op"]
[Site "Samara"]
[Date "2003.??.??"]
[Round "2"]
[White "Neshkov, Vladislav"]
[Black "Ozolin, Maxim"]
[Result "1/2-1/2"]
[WhiteElo "2150"]
[BlackElo "2323"]
[PlyCount "90"]
[EventDate "2003.??.??"]
[EventType "swiss"]
[EventRounds "9"]
[EventCountry "RUS"]
[SourceTitle "EXT 2005"]
[Source "ChessBase"]
[SourceDate "2004.11.15"]
[SourceVersion "1"]
[SourceVersionDate "2004.11.15"]
[SourceQuality "1"]

1. e4 c5 2. Nf3 e6 3. c4 Nc6 4. Nc3 Nge7 5. d4 cxd4 6. Nxd4 Nxd4 7. Qxd4 Nc6 8. Qd2 a6 9. Be2 Qc7 10. 0-0 b6 11. b3 Bb7 12. Bb2 Bd6 13. g3 Be5 14. Rac1 0-0 15. Bf3 f5 16. Bg2 f4 17. Ba3 Rf7 18. Nd5 exd5 19. cxd5 Qd8 20. dxc6 dxc6 21. Qxd8+ Rxd8 22. Bh3 Re8 23. b4 fxg3 24. fxg3 Bd4+ 25. Kh1 Rxf1+ 26. Bxf1 Rxe4 27. Bg2 Re3 28. Rd1 Bf6 29. Bc1 Re8 30. Bf4 Rd8 31. Rxd8+ Bxd8 32. a4 b5 33. axb5 axb5 34. Bd6 Kf7 35. Kg1 Be7 36. Bxe7 Kxe7 37. Kf2 Kd6 38. Ke3 Ke5 39. Bf3 Kd6 40. Be4 h6 41. Kd4 Bc8 42. Bg6 Bh3 43. Be8 Bg2 44. Bh5 g5 45. Bg6 Bf3 1/2-1/2